000 00562nam a2200205Ia 4500
005 20250508165143.0
008 008 250505s9999 xx 000 0 eng d
020 _a978-1-4614-0298-5
037 _aReference
040 _aFEDL
_beng
_cFEDL
041 _aeng
_2eng
084 _a512.53, TAP/RR
_qFEDL
100 _aTapp Kristopher
245 0 _aSymmetry: A mathematical exploration
260 _aNew York, USA
_bSpringer
_c2012
300 _a215 p.
365 _aEURO
_b39.95
942 _cREF
_h512.53, TAP/RR
999 _c1393467
_d1393467